000 00403nam a2200169Ia 4500
008 180921t2017 xxu||||| |||| 00| 1 sin d
041 _asin
080 _aX8C31
_bRAJ
100 _aRajakarunanayaka, Sunethra
245 _aජයන්!
246 _aJayan!
260 _bSarasavi
_aNugegoda
_c2017
300 _a360p., 21cm
942 _cBK
999 _c7731
_d7731
003 LK-CoDNM
040 _aLK-CoDNM
_dLK-CoDNM
_eLK-CoDNM